Music Quiz

Random Music or Singers Quiz

Hit Songs by American Idol Contestants Quiz Stats

 Plays Quiz not verified by Sporcle

Score 0/15 Timer 03:00
1 Play Today
% Correct
Carrie Underwood
90.9%
Kelly Clarkson
84.8%
Jordin Sparks
84.8%
Adam Lambert
75.8%
Phillip Phillips
54.5%
Kris Allen
51.5%
Daughtry
45.5%
Elliott Yamin
45.5%
% Correct
Scotty McCreery
45.5%
David Archuleta
42.4%
Katharine McPhee
42.4%
David Cook
39.4%
Kellie Pickler
36.4%
Fantasia
33.3%
Jennifer Hudson
33.3%

You're not logged in!

Compare scores with friends on all Sporcle quizzes.
OR
Log In

Show Comments

Extras

Top Quizzes Today


Score Distribution

Your Account Isn't Verified!

In order to create a playlist on Sporcle, you need to verify the email address you used during registration. Go to your Sporcle Settings to finish the process.

Report this User

Report this user for behavior that violates our Community Guidelines.

Details: